Central Library OPAC University of Rajshahi

আধুনিক শ্রেণীকরণ : (Record no. 41162)

MARC details
000 -LEADER
fixed length control field 00929nam a2200253 a 4500
001 - CONTROL NUMBER
control field 41162
003 - CONTROL NUMBER IDENTIFIER
rucl marc code BD-RjUL
005 - DATE AND TIME OF LATEST TRANSACTION
control field 20211209053336.0
008 - FIXED-LENGTH DATA ELEMENTS--GENERAL INFORMATION
fixed length control field 160516s2009 bg ||||| |||| 00| 0 ben d
020 ## - INTERNATIONAL STANDARD BOOK NUMBER
International Standard Book Number 9840747770
Terms of availability : Tk. 30.00
035 ## - SYSTEM CONTROL NUMBER
System control number (BD-RjUL) 41278
040 ## - CATALOGING SOURCE
Original cataloging agency BD-RjUL
Language of cataloging ben
Transcribing agency BD-RjUL
041 ## - LANGUAGE CODE
Language code of text/sound track or separate title ben
082 ## - DEWEY DECIMAL CLASSIFICATION NUMBER
Edition number 23
Classification number 025.431
Author mark and year SAA 2009
100 1# - MAIN ENTRY--PERSONAL NAME
Personal name সরকার, নিখিল চন্দ্র
9 (RLIN) 121423
245 10 - TITLE STATEMENT
Title আধুনিক শ্রেণীকরণ :
Remainder of title ব্যবহারিক /
Statement of responsibility, etc. নিখিল চন্দ্র সরকার
260 ## - PUBLICATION, DISTRIBUTION, ETC. (IMPRINT)
Place of publication, distribution, etc. ঢাকা :
Name of publisher, distributor, etc. বাংলা একাডেমী,
Date of publication, distribution, etc. ২০০৯
300 ## - PHYSICAL DESCRIPTION
Pagination [৭], ২১৫ পৃ. ;
Size ২১ সেমি.
490 ## - SERIES STATEMENT
Series statement বাএ ;
Volume/sequential designation ৪৭৬৮
650 ## - SUBJECT ADDED ENTRY--TOPICAL TERM
Topical term or geographic name as entry element শ্রেণীকরণ
9 (RLIN) 126616
Topical term or geographic name as entry element Classification
9 (RLIN) 126617
830 ## - SERIES ADDED ENTRY--UNIFORM TITLE
Uniform title বাএ ;
Volume number/sequential designation ৪৭৬৮
942 ## - ADDED ENTRY ELEMENTS (KOHA)
Source of classification or shelving scheme Dewey Decimal Classification
Koha item type Books
Holdings
Lost status Source of classification or shelving scheme Damaged status Not for loan Collection code Permanent Location Current Location Shelving location Date acquired Source of acquisition Cost, normal purchase price Total Checkouts Full call number Date last seen Date checked out Copy number Koha item type
  Dewey Decimal Classification     Non-fiction Central Library, University of Rajshahi Central Library, University of Rajshahi   01/02/2012 Bangla Academy, Dhaka 130.00 1 B 025.431 SAA 2009 29/12/2021 21/12/2021 C-2 Books
  Dewey Decimal Classification   Not For Loan Non-fiction Central Library, University of Rajshahi Central Library, University of Rajshahi Reading Room 01/02/2012 Bangla Academy, Dhaka. 130.00   B 025.431 SAA 2009 05/12/2016   C-1 Books